| 000 | 00513nam a2200169 i 4500 | ||
|---|---|---|---|
| 001 | 95391 | ||
| 003 | ES-MaACL | ||
| 005 | 20230906181709.0 | ||
| 007 | t| | ||
| 008 | 050527s1965 sp ||||1| spa d | ||
| 100 | 1 |
_aLlano Gorostiza, Manuel. _972701 |
|
| 245 | 1 | 0 |
_aPintura vasca / _cManuel Llano Gorostiza. |
| 260 |
_aBilbao : _b[s.n.], _c1965 ( _fGrijelmo) |
||
| 300 |
_a274 p., 64 lám. col. con 11 lám. : _bil. ; _c29 cm. |
||
| 650 | 4 |
_aPintura- _zPaís Vasco. _9163326 |
|
| 852 |
_aES-MaACL _jC-29022 _bR.60100 |
||
| 999 |
_c95391 _d95391 |
||